Kiinalaiset horoskoopit - Statistics

Yleistilastot
  • Tätä visaa on pelattu 28 kertaa
  • Keskiarvotulos 9 / 12
Vastaustilastot
Eläin Horoskooppi % Oikein
Koira
92%
Härkä
83%
Käärme
79%
Tiikeri
79%
Hevonen
75%
Jänis
75%
Lohikäärme
75%
Rotta
71%
Sika
67%
Apina
58%
Kukko
58%
Vuohi
58%
Ehtoja vastaavia visoja ei löytynyt
Tulosjakauma
Jokaisen tuloksen saaneiden osuus
Persentiili vastausten määrän mukaan
Tuloshistoriasi
Et ole pelannut tätä visaa